[Event "YUG-chT"]
[Site "Nis"]
[Date "1994.??.??"]
[Round "?"]
[White "Lalovic, Srecko"]
[Black "Knezevic, Bojan"]
[Result "1/2-1/2"]
[WhiteElo "2255"]
[BlackElo "2385"]
[PlyCount "111"]
[EventDate "1994.10.??"]
[EventType "team"]
[EventRounds "11"]
[EventCountry "YUG"]
[SourceTitle "EXT 1997"]
[Source "ChessBase"]
[SourceDate "1996.11.15"]
[SourceVersion "1"]
[SourceVersionDate "1996.11.15"]
[SourceQuality "1"]

1. e4 c5 2. Nf3 Nc6 3. d4 cxd4 4. Nxd4 Qb6 5. Nf3 Nf6 6. Bd3 e6 7. 0-0 d6 8. Nbd2 Be7 9. Nc4 Qc7 10. h3 0-0 11. c3 b5 12. Ne3 Rb8 13. b3 Nd7 14. Bb2 Nc5 15. Bc2 Bb7 16. Re1 Ne5 17. Nxe5 dxe5 18. Nf1 Rfd8 19. Qe2 a5 20. Ng3 a4 21. b4 Nd7 22. a3 Nb6 23. Bd3 Ba6 24. Rab1 Nc4 25. Red1 Bg5 26. Nf1 f6 27. Bxc4 bxc4 28. Bc1 Rxd1 29. Qxd1 Bxc1 30. Rxc1 Bb5 31. Qg4 Kf7 32. Rd1 g6 33. Ne3 h5 34. Qe2 Rh8 35. Rd2 Qc6 36. f3 Ke7 37. Qf2 Rb8 38. Kf1 Qb6 39. Ke2 Kf7 40. Qe1 Rd8 41. Qd1 Rd3 42. Rxd3 cxd3+ 43. Kd2 f5 44. exf5 exf5 45. Qe1 Qe6 46. Qb1 f4 47. Nd1 e4 48. fxe4 Qxe4 49. c4 Bxc4 50. Kc3 Qxg2 51. Kxc4 Qc2+ 52. Nc3 f3 53. Qd1 Qg2 54. Ne4 Qc2+ 55. Nc3 Qg2 56. Ne4 1/2-1/2